Vegetable Science and Technology in India (Record no. 5215)

MARC details
000 -LEADER
fixed length control field 00387nam a22001577a 4500
005 - DATE AND TIME OF LATEST TRANSACTION
control field 20160905165311.0
008 - FIXED-LENGTH DATA ELEMENTS--GENERAL INFORMATION
fixed length control field 160905b xxu||||| |||| 00| 0 eng d
020 ## - INTERNATIONAL STANDARD BOOK NUMBER
ISBN 978-93-272-6364-0
041 ## - LANGUAGE CODE
Language code of text/sound track or separate title eng
100 ## - MAIN ENTRY--AUTHOR NAME
Personal name Swarup,Vishnu
245 ## - TITLE STATEMENT
Title Vegetable Science and Technology in India
260 ## - PUBLICATION, DISTRIBUTION, ETC. (IMPRINT)
Name of publisher Kalyani
Year of publication 2016
300 ## - PHYSICAL DESCRIPTION
Number of Pages 700
650 ## - SUBJECT ADDED ENTRY--TOPICAL TERM
Topical Term Agricultural
942 ## - ADDED ENTRY ELEMENTS (KOHA)
Koha item type Books
Holdings
Lost status Damaged status Collection code Home library Current library Shelving location Date acquired Source of acquisition Cost, normal purchase price Accession Number Koha item type Full call number
    AGRICULTURE JRU Library JRU Library SHELF-45-C 05/09/2016 PURCHASE 450.00 21111 Books  
    AGRICULTURE JRU Library JRU Library SHELF-45-C 05/09/2016 PURCHASE 450.00 21112 Books  
    Reference JRU Library JRU Library SHELF-2-B 05/09/2016 PURCHASE 450.00 21113 Books 635.1
    AGRICULTURE JRU Library JRU Library SHELF-45-C 05/09/2016 PURCHASE 450.00 21114 Books  
    AGRICULTURE JRU Library JRU Library SHELF-45-C 05/09/2016 PURCHASE 450.00 21115 Books